Statistics for Most frequent Tarantino movie actors

Click here to take the quiz!

General Stats

  • This quiz has been taken 57 times
  • The average score is 4 of 11

Answer Stats

AnswerFirst appearanceLatest appearance% Correct
5Samuel L. JacksonPulp FictionThe Hateful Eight
98%
Uma ThurmanPulp FictionKill Bill: Vol. 2
92%
Tim RothReservoir DogsOnce Upon a Time in... Hollywood (deleted scene)
77%
4Michael MadsenReservoir DogsOnce Upon a Time in... Hollywood
73%
Kurt RussellDeath ProofOnce Upon a Time in... Hollywood
63%
James ParksKill Bill: Vol. 1Django Unchained
6%
Julie DreyfusKill Bill: Vol. 1Inglorious Basterds
4%
Michael ParksKill Bill: Vol. 1Django Unchained
4%
Michael BowenJackie BrownDjango Unchained
2%
3Michael BacallDeath ProofDjango Unchained
0%
Omar DoomDeath ProofOnce Upon a Time in... Hollywood
0%

Score Distribution

Percentile by Number Answered

Percent of People with Each Score

Your Score History

You have not taken this quiz